00325nam a2200133 450000500170000002000180001708200170003508400250005210000180007724500380009526000330013330000100016670000150017620260525190804.0 a9780367481445 a930.1bBEL.E 2Colon Classification aBelford, Paul aEthics in Archaeological Practice aNew York:bRoutledge;c2025. a195p. aGerry Wait